000 01015nam a2200277Ia 4500
003 OSt
005 20221005105927.0
006 a|||||r|||| 00| 0
007 ta
008 221004b |||||||| |||| 00| 0 hin d
020 _a8172014139 (pbk)
_c75
024 _a92541
037 _b533, 19/03/2009, Vani Prakashan
_cTextual
040 _aCRL
_cCRL
_bhin
041 _2hin
_ahin
082 _aO152,3N021w, N3
100 _aराजेन्द्र कुमार
245 0 _aइला चंद्र जोशी
246 _aIlā chandra joshī
260 _aनई दिल्ली
_bसाहित्य अकादेमी भारत
_c1993
300 _a96पृ0
_ccm.
490 _aभारतीय साहित्य के निर्माता
650 _aहिन्दी साहित्य
942 _hO152,3N021w, N3
_cTEXL
_2cc
999 _c1017297
_d1017297